00669cam a2200205 a 4500001000400000003001000004005001700014008004100031020001800072040002500090080001600115100002500131245015300156260003800309300002000347504002500367650001800392650002400410650002900434262BR-CuiBMT20231028190654.0230914s2014 mgb 000 0 por d a9788577008254 aBR-CuiBMTcBR-CuiBMT a343.2220071 aLopes, Jair Leonardo12aA política criminal da "lei e da ordem" :banteprojeto de reforma da parte geral do código penal - uma visão crítica /cJair Leonardo Lopes. aBelo Horizonte :bFórum,c2014. a118 p. ;c22 cm aInclui bibliografia. aDireito penal aPolítica criminal aDireito processual penal